भारत एवं विश्व सामान्य ज्ञान / (Record no. 11470)

MARC details
000 -LEADER
fixed length control field 01185 a2200217 4500
005 - DATE AND TIME OF LATEST TRANSACTION
control field 20080825122250.0
008 - FIXED-LENGTH DATA ELEMENTS--GENERAL INFORMATION
fixed length control field 080825t xxu||||| |||| 00| 0 hin d
010 ## - LIBRARY OF CONGRESS CONTROL NUMBER
LC control number HIN-82995
020 ## - INTERNATIONAL STANDARD BOOK NUMBER
Terms of availability 160.00
International Standard Book Number 9788190461566
035 ## - SYSTEM CONTROL NUMBER
System control number HN-55341
037 ## - SOURCE OF ACQUISITION
Source of stock number/acquisition पु.प्र.अ.प्र/प्रका
082 ## - DEWEY DECIMAL CLASSIFICATION NUMBER
Classification number 000
100 ## - MAIN ENTRY--PERSONAL NAME
Personal name गुप्ता, मुकेश
245 ## - TITLE STATEMENT
Title भारत एवं विश्व सामान्य ज्ञान /
Statement of responsibility, etc मुकेश गुप्ता
246 ## - VARYING FORM OF TITLE
Title proper/short title Bharat evam vishwa samanya gyan
Remainder of title by Mukesh Gupta
260 ## - PUBLICATION, DISTRIBUTION, ETC. (IMPRINT)
Place of publication, distribution, etc जयपुर
Name of publisher, distributor, etc रवि बुक डिस्ट्रीब्यूटर्स
Date of publication, distribution, etc 2007
270 ## - ADDRESS
Address 3795, मालपानी भवन बड़ का कुआँ, विष्णु मार्ग गणगौरी बाजार
City जयपुर
Postal code 2
300 ## - PHYSICAL DESCRIPTION
Extent vi,153पृ
Dimensions 22सेमी (सजिल्द)
942 ## - ADDED ENTRY ELEMENTS (KOHA)
Institution code [OBSOLETE] dpl
Koha item type Hindi Books
Call number prefix 000 / गुप्तामु
Source of classification or shelving scheme Dewey Decimal Classification
Classification part 000
Call number suffix गुप्तामु
Holdings
Withdrawn status Lost status Damaged status Not for loan Home library Current library Date acquired Cost, normal purchase price Total Checkouts Full call number Barcode Date last seen Copy number Uniform Resource Identifier Cost, replacement price Price effective from Koha item type
        D.B.Act.Division D.B.Act.Division   160.00   000 गुप्तामु HN-55341 15/09/2008 1 12582 160.00 15/09/2008 Hindi Books

© Delhi Public Library
Hit Counter
free hit counter